| 000 | 00616nam a2200217Ia 4500 | ||
|---|---|---|---|
| 008 | 160517s9999 xx 000 0 und d | ||
| 050 | _aTS 155 | ||
| 050 | _b.D665 2016 | ||
| 100 | _aDolotina, Joshua Shaun O. | ||
| 245 | _aGrading system for holy rosary academy of Las Piñas city / | ||
| 245 | _cJoshua Shaun O. Dolotina. | ||
| 260 | _aLas Piñas, Philippines : | ||
| 260 | _bSISC, | ||
| 260 | _c2016. | ||
| 300 | _a109 pages : | ||
| 300 | _billustrations ; | ||
| 300 | _c28 cm. | ||
| 500 | _aIncludes bibliographical references and appendices. | ||
| 521 | _aInformation Technology | ||
| 942 | _cTH | ||
| 999 |
_c293912 _d293912 |
||